书目信息 |
| 书名: | The Feynman lectures on physics | |
| 作者: | Richard P. Feynman, Robert B. Leighton, Matthew Sands. | |
| 分册号: | ||
| 分册名: | 出版地: | Reading, Mass. : |
|
| 出版社: | Addison-Wesley Publishing | |
| 出版时间: | c1963-1965. | |
| 页数: | 3 v. : | |
| 开本: | 29 cm. | |
| 丛书名: | ||
| 中图分类号: | ||
| 科图分类号: | ||
| 其他分类号: | H31:O4 | |
| 主题词: | ||
| 电子资源: | ||
| 000 | 01628cam 2200577 a 4500 | |
| 001 | E0733397278 | |
| 005 | 20070201093418.01 | |
| 020 | @a020102117X (v. 2 : pbk.). | |
| 020 | @a0201020114 (v. 2 : hbk.). | |
| 020 | @a0201021161 (v. 1 : pbk.). | |
| 020 | @a0201021188 (v. 3 : pbk.). | |
| 090 | @aH31:O4 | |
| 099 | @dH31:O4@ex16:2 | |
| 100 | 1 | @aFeynman, Richard Phillips. |
| 245 | 14 | @aThe Feynman lectures on physics / @cRichard P. Feynman, Robert B. Leighton, Matthew Sands. |
| 246 | 30 | @aLectures on physics |
| 260 | @aReading, Mass. :@bAddison-Wesley Publishing,@cc1963-1965. | |
| 300 | @a3 v. :@bill., photos. ;@c29 cm. | |
| 500 | @aIncludes index. | |
| 505 | 00 | @gv. 1.@tMainly mechanics, radiation, and heat --@gv. 2.@tMainly electromagnetism and matter --@gv. 3.@tQuantum mechanics. |
| 700 | 1 | @aLeighton, Robert B. |
| 700 | 1 | @aSands, Matthew L.@q(Matthew Linzee) |
| 920 | @a211010@z4 | |
| 920 | @a231010@z2 | |
| 920 | @a242020@z2 | |
| 920 | @a236010@z2 | |
| 920 | @a237010@z1 | |
| 920 | @a215010@z1 | |
| 920 | @a231030@bO4-43@cF435F@z1 | |
| 920 | @a242010@z1 | |
| 920 | @a211180@z2 | |
| 920 | @a231220@z1 | |
| 920 | @a244050@z1 | |
| 920 | @a211060@z1 | |
| 920 | @a245010@z1 | |
| 920 | @a235030@z1 | |
| 920 | @a243040@z1 | |
| 920 | @a241010@z1 | |
| 920 | @a212010@z1 | |
| 920 | @a211168@z2 | |
| 920 | @a233020@z2 | |
| 920 | @a242120@z1 | |
| 920 | @a243160@z1 | |
| 920 | @a261020@z2 | |
| 920 | @a211260@z1 | |
| 920 | @a222010@z1 | |
| 920 | @a222020@z2 | |
| 920 | @a242030@z2 | |
| 920 | @a232010@z2 | |
| 920 | @a251030@z1 | |
| 998 | @aPUL | |
| The Feynman lectures on physics / / Richard P. Feynman, Robert B. Leighton, Matthew Sands.-Reading, Mass. : : Addison-Wesley Publishing, , c1963-1965. |
| 3 v. : : ill., photos. ; ; 29 cm. |
| Includes index. |
| ISBN 020102117X (v. 2 : pbk.). |
| ● |
| 相关链接 |
|
|
|
|
正题名:Feynman lectures on physics
索取号:H31:O4/x16:2
 
预约/预借
| 序号 | 登录号 | 条形码 | 馆藏地/架位号 | 状态 | 备注 |
| 1 | 13229 | 000451264 | 第四借阅区/ [索取号:H31:O4/x16:2] | 在馆 |